Estadísticas para Colaboraciones musicales

Haz click aquí para intentar la prueba.

Estadísticas generales

  • Esta prueba ha sido intentada 52 veces
  • La puntuación promedio es 16 de 25

Estadísticas de respuestas

CanciónArtista% Correcto
«Con altura»Rosalía
100%
«Despacito»Luis Fonsi
98%
«_______: ___ Music Sessions, Vol. 52»BZRP
93%
«Despacito»Daddy Yankee
87%
«TQG» / «El jefe»Shakira
87%
«Taki Taki»Ozuna
85%
«Danza kuduro»Don Omar
83%
«TQG»Karol G
83%
«Con altura»J Balvin
78%
«Ella baila sola»Peso Pluma
74%
«Miénteme»Tini
74%
«_______: ___ Music Sessions, Vol. 52»Quevedo
70%
«El perdón»Nicky Jam
67%
«Taki Taki»Cardi B
65%
«El perdón»Enrique Iglesias
63%
«Mojabi Ghost»Bad Bunny
61%
«Taki Taki»Selena Gomez
61%
«Miénteme»María Becerra
59%
«Más Macarena»Los del Río
41%
«Taki Taki»DJ Snake
33%
«Mojabi Ghost»Tainy
33%
«Danza kuduro»Lucenzo
30%
«Ella baila sola»Eslabón Armado
22%
«Más Macarena»Gente de Zona
20%
«El jefe»Fuerza Regida
15%

Distribución de puntuación

Porcentaje por número respondido

Porcentaje de gente con cada puntuación

Historial de tus puntuaciones

No has intentado esta prueba.